000 00591nam a22001817a 4500
005 20251108174541.0
008 250721s2007 xx 000 0 ara d
082 1 4 _a956.421/فني
100 1 _aالفني، إبراهيم
245 1 0 _aالمسجد الأقصى و الصخرة المشرفة عبر الموروث الثقافي /
264 1 _aعمان :
_bأمانة عمان الكبرى،
_c2007.
300 _a362ص.
650 1 7 _aتاريخ فلسطين
650 1 7 _aتاريخ القدس
650 1 7 _aالاماكن المقدسه
942 _2ddc
_cBK
999 _c112033
_d112033